| 000 | 00782nmm a2200265 a 4500 | ||
|---|---|---|---|
| 003 | AR-BaBNM | ||
| 005 | 20251128211426.0 | ||
| 008 | 294020s1998 ||||||||||||||000 | spa|| | ||
| 020 | _a987-507-022-X | ||
| 040 | _cAR-BaBNM | ||
| 100 | 1 | _aGoñi Demarchi, Carlos A. | |
| 245 | 1 | 0 |
_aYrigoyen y la gran guerra _baspectos desconocidos de una gesta ignorada |
| 260 |
_aBuenos Aires _bCiudad Argentina _c1998 |
||
| 300 | _a278 p. | ||
| 610 | 2 | 4 | _aUnión Cívica Radical [Argentina] |
| 650 | 4 | _aHISTORIA ARGENTINA | |
| 650 | 4 | _aHISTORIA POLITICA ARGENTINA | |
| 650 | 4 | _aPRIMERA GUERRA MUNDIAL | |
| 650 | 4 | _aHISTORIA DE LAS RELACIONES EXTERIORES | |
| 650 | 4 | _aNEUTRALIDAD | |
| 700 | 1 | _aScala, José N. | |
| 700 | 1 | _aBerraondo, Germán W. | |
| 942 | _cBK | ||
| 998 | _cMariana | ||
| 999 |
_c19634 _d19634 |
||